Brasil hoy / (Record no. 8010)

MARC details
000 -LEADER
campo de control de longitud fija 01006cam a2200313Ia 4500
001 - NÚMERO DE CONTROL
campo de control 47382
005 - FECHA Y HORA DE LA ÚLTIMA TRANSACCIÓN
campo de control 20230404125943.0
008 - DATOS DE LONGITUD FIJA--INFORMACIÓN GENERAL
campo de control de longitud fija 910926s1968 mx a 000 0 por d
035 ## - NÚMERO DE CONTROL DEL SISTEMA
Número de control de sistema (OCoLC)ocm24458191
040 ## - FUENTE DE CATALOGACIÓN
Centro catalogador/agencia de origen FUG
Centro/agencia transcriptor FUG
Centro/agencia modificador OCL
-- OCLCQ
035 ## - NÚMERO DE CONTROL DEL SISTEMA
Número de control de sistema (OCoLC)24458191
037 ## - FUENTE DE ADQUISICIÓN
Número de adquisición MN01221
Fuente del número de adquisición fug
037 ## - FUENTE DE ADQUISICIÓN
Fuente del número de adquisición University of Florida Libraries, Gainesville, Fla. 32611
043 ## - CÓDIGO DE ÁREA GEOGRÁFICA
Código de área geográfica s-bl---
050 14 - SIGNATURA TOPOGRÁFICA DE LA BIBLIOTECA DEL CONGRESO
Número de clasificación 103 F 2508
Número de ítem B823 1968
245 00 - MENCIÓN DEL TÍTULO
Título Brasil hoy /
Mención de responsabilidad, etc. por Celso Furtado ... [et al.] ; trad. de Rosa Cusminsky de Cendrero [et al.].
250 ## - MENCION DE EDICION
Mención de edición 2a ed.
260 ## - PUBLICACIÓN, DISTRIBUCIÓN, ETC.
Lugar de publicación, distribución, etc. México :
Nombre del editor, distribuidor, etc. Siglo Veintiuno Editores,
Fecha de publicación, distribución, etc. 1968.
300 ## - DESCRIPCIÓN FÍSICA
Extensión 215 p. ;
Dimensiones 19 cm.
440 #3 - MENCIÓN DE SERIE/PUNTO DE ACCESO ADICIONAL--TÍTULO
Título El mundo del hombre: Sociología y política
651 #0 - PUNTO DE ACCESO ADICIONAL DE MATERIA--NOMBRE GEOGRÁFICO
Nombre geográfico Brazil
Subdivisión general Politics and government
651 #0 - PUNTO DE ACCESO ADICIONAL DE MATERIA--NOMBRE GEOGRÁFICO
Nombre geográfico Brazil
Subdivisión general Civilization
651 #0 - PUNTO DE ACCESO ADICIONAL DE MATERIA--NOMBRE GEOGRÁFICO
Nombre geográfico Brazil
Subdivisión general Politics and government
Subdivisión cronológica 1954-
700 1# - ENTRADA AGREGADA--NOMBRE PERSONAL
Nombre de persona Furtado, Celso.
700 1# - ENTRADA AGREGADA--NOMBRE PERSONAL
Nombre de persona Cusminsky de Cendrero, Rosa,
Término indicativo de función/relación trad.
942 ## - ELEMENTOS DE ENTRADA SECUNDARIOS (KOHA)
Fuente del sistema de clasificación o colocación Clasificación de Library of Congress
Tipo de ítem Koha
946 ## - PROCESAMIENTO DE INFORMACIÓN LOCAL (OCLC)
a clperez
994 ## -
-- C0
-- DRFGD
Holdings
Estatus retirado Estado de pérdida Fuente del sistema de clasificación o colocación Estado de daño No para préstamo Colección Biblioteca de origen Biblioteca actual Ubicación en estantería Fecha de adquisición Serial enumeration / chronology Total checkouts Signatura topográfica completa Código de barras Visto por última vez Copia número Precio de reemplazo Tipo de ítem Koha
    Clasificación de Library of Congress     Recursos Regionales Biblioteca Juan Bosch Biblioteca Juan Bosch Recursos Regionales (2do. Piso) 04/04/2023 1   103 F 2508 B823 1968 00000047681 23/10/2018 1 23/10/2018